Statistics for Busiest Airports by state

Click here to take the quiz!

General Stats

  • This quiz has been taken 731 times
    (178 since last reset)
  • The average score is 63 of 98

Answer Stats

StateAirport% Correct
CALos Angeles
95%
NY #2LaGuardia
93%
CA #2San Francisco
93%
CODenver
91%
GAHartsfield-Jackson
91%
FL #2Miami
91%
AZSky Harbor
91%
ILO'hare
90%
ORPortland
90%
MEPortland
90%
IL #2Midway
89%
NJNewark Liberty
89%
HIDaniel K. Inouye
88%
NYJohn F. Kennedy
88%
MALogan
88%
FLOrlando
88%
INIndianapolis
87%
AKTed Stevens
87%
NVHarry Reid
86%
MO #2Kansas City
86%
IDBoise
84%
ALBirmingham-Shuttlesworth
82%
MSJackson-Medgar Evers
82%
LALouis Armstrong
81%
MNMinneapolis-St Paul
81%
MIDetroit Metro
80%
MDThurgood Marshall
80%
CTBradley
79%
NCCharlotte Douglas
79%
TXDallas-Fort Worth
79%
MOSt. Louis Lambert
78%
ARClinton
77%
KY #2Louisville
77%
CO #2Colorado Springs
76%
PAPhiladelphia
76%
WASeattle-Tacoma
76%
OHCleveland Hopkins
75%
TX #2George Bush
75%
IADes Moines
74%
VADulles
74%
OKWill Rogers
74%
NEEppley
73%
TNNashville
73%
NC #2Raleigh-Durham
73%
OK #2Tulsa
73%
AK #2Fairbanks
72%
OH #2John Glenn Columbus
72%
VA #2Ronald Reagan
71%
PA #2Pittsburgh
70%
NV #2Reno-Tahoe
70%
UTSalt Lake City
70%
LA #2Baton Rouge
69%
KSDwight D. Eisenhower
69%
RIT.F. Green
69%
AZ #2Tucson
69%
TN #2Memphis
67%
SCCharleston
66%
GA #2Savannah-Hilton Head
66%
WVYeager
66%
NMAlbuquerque
65%
MT #2Billings Logan
61%
WIMilwaukee Mitchell
61%
NE #2Lincoln
60%
SDSioux Falls
59%
CT #2Tweed-New Haven
59%
NDHector
58%
DEWilmington
58%
MI #2Gerald R. Ford
57%
WA #2Spokane
57%
KYCincinnati-Northern Kentucky
56%
NHManchester-Boston
55%
NM #2Santa Fe
55%
WI #2Dane County
52%
ND #2Bismarck
51%
OR #2Eugene
49%
VTBurlington
48%
AL #2Huntsville
46%
ME #2Bangor
45%
MTBozeman Yellowstone
45%
IA #2Eastern Iowa
43%
IN #2Fort Wayne
40%
NJ #2Atlantic City
38%
ID #2Idaho Falls
38%
MS #2Gulfport-Biloxi
34%
HI #2Kahului
34%
WY #2Casper-Natrona County
33%
SC #2Myrtle Beach
30%
WYJackson Hole
29%
MN #2Rochester
29%
UT #2St. George
29%
SD #2Rapid City
26%
AR #2Northwest Arkansas
23%
NH #2Portsmouth
20%
KS #2Manhattan
19%
WV #2Tri-State
19%
MA #2Nantucket
17%
MD #2Salisbury-OceanCity-Wicomico
17%
VT #2Rutland-Southern Vermont
9%

Score Distribution

Percentile by Number Answered

Percent of People with Each Score

Your Score History

You have not taken this quiz since the last reset